MARC details
| 000 -CABECERA |
| campo de control de longitud fija |
01707nam a2200361 a 4500 |
| 001 - NÚMERO DE CONTROL |
| campo de control |
000027518 |
| 003 - IDENTIFICADOR DEL NÚMERO DE CONTROL |
| campo de control |
DO-SdBNP |
| 005 - FECHA Y HORA DE LA ÚLTIMA TRANSACCIÓN |
| campo de control |
20250912135947.0 |
| 008 - DATOS DE LONGITUD FIJA--INFORMACIÓN GENERAL |
| campo de control de longitud fija |
110401s1986 dr ad 001 0 spa d |
| 040 ## - FUENTE DE LA CATALOGACIÓN |
| Centro catalogador/agencia de origen |
DO-SdBNP |
| Lengua de catalogación |
spa |
| Centro/agencia transcriptor |
BNPHU |
| 082 ## - NÚMERO DE LA CLASIFICACIÓN DECIMAL DEWEY |
| Número de clasificación |
305.8 |
| Número de documento/Ítem |
M896t |
| 100 1# - ENTRADA PRINCIPAL--NOMBRE DE PERSONA |
| Nombre de persona |
Moscoso, Francisco, |
| Fechas asociadas al nombre |
1949- |
| 9 (RLIN) |
54601 |
| 245 10 - MENCIÓN DE TÍTULO |
| Título |
Tribu y clases en el Caribe antiguo / |
| Mención de responsabilidad, etc. |
Francisco Moscoso ; prólogo Rafael Julián. |
| 260 ## - PUBLICACIÓN, DISTRIBUCIÓN, ETC. |
| Lugar de publicación, distribución, etc. |
San Pedro de Macorís, República Dominicana : |
| Nombre del editor, distribuidor, etc. |
Universidad Central del Este, |
| Fecha de publicación, distribución, etc. |
1986. |
| 300 ## - DESCRIPCIÓN FÍSICA |
| Extensión |
xv, 518 p. ; |
| Dimensiones |
23 cm. |
| 490 1# - MENCIÓN DE SERIE |
| Mención de serie |
Universidad Central del Este ; |
| Designación de volumen o secuencia |
63 |
| 490 1# - MENCIÓN DE SERIE |
| Mención de serie |
Científica ; |
| Designación de volumen o secuencia |
23 |
| 504 ## - NOTA DE BIBLIOGRAFÍA, ETC. |
| Nota de bibliografía, etc. |
Incluye bibliografía y notas al pie de páginas. |
| 504 ## - NOTA DE BIBLIOGRAFÍA, ETC. |
| Nota de bibliografía, etc. |
Bibliografía : p. 497-514. |
| 505 0# - NOTA DE CONTENIDO CON FORMATO |
| Información miscelánea |
Prólogo / |
| Mención de responsabilidad |
Rafael Julián -- |
| Información miscelánea |
Introducción -- |
| -- |
Mapa -- |
| Título |
Sobre la evolución de la sociedad tribal -- |
| -- |
La transición de la sociedad tribal a la sociedad de clases -- |
| -- |
Reconstrucción arqueológica de la sociedad tribal del Caribe -- |
| -- |
Reconstrucción etnohistórica de la cacicazgos taínos -- |
| -- |
La revolución caciquil -- |
| Información miscelánea |
Bibliografía. |
| 590 ## - NOTA LOCAL (RLIN) |
| Nota local |
Inventariado, 2018/BT |
| 650 #4 - PUNTO DE ACCESO ADICIONAL DE MATERIA--TÉRMINO DE MATERIA |
| Término de materia o nombre geográfico como elemento de entrada |
Indigenas de las antillas |
| Subdivisión general |
Historia |
| 9 (RLIN) |
44150 |
| 650 #4 - PUNTO DE ACCESO ADICIONAL DE MATERIA--TÉRMINO DE MATERIA |
| Término de materia o nombre geográfico como elemento de entrada |
Taínos |
| Subdivisión general |
Vida social y costumbres |
| 9 (RLIN) |
44131 |
| 650 #4 - PUNTO DE ACCESO ADICIONAL DE MATERIA--TÉRMINO DE MATERIA |
| Término de materia o nombre geográfico como elemento de entrada |
Sociedades primitivas |
| Subdivisión general |
Caribe (región) |
| 9 (RLIN) |
54602 |
| 650 #4 - PUNTO DE ACCESO ADICIONAL DE MATERIA--TÉRMINO DE MATERIA |
| Término de materia o nombre geográfico como elemento de entrada |
Gobierno tribal |
| Subdivisión general |
Caribe (región) |
| 9 (RLIN) |
54603 |
| 650 #4 - PUNTO DE ACCESO ADICIONAL DE MATERIA--TÉRMINO DE MATERIA |
| Término de materia o nombre geográfico como elemento de entrada |
Comunidades indígenas |
| 9 (RLIN) |
54604 |
| Subdivisión geográfica |
Caribe (región) |
| 651 #0 - PUNTO DE ACCESO ADICIONAL DE MATERIA--NOMBRE GEOGRÁFICO |
| Nombre geográfico |
Caribe (Región) |
| Subdivisión general |
Civilización |
| -- |
Historia |
| 9 (RLIN) |
87401 |
| 700 1# - PUNTO DE ACCESO ADICIONAL--NOMBRE DE PERSONA |
| Nombre de persona |
Julian, Rafael, |
| Término indicativo de función/relación |
pról. |
| 9 (RLIN) |
481 |
| 830 #0 - PUNTO DE ACCESO ADICIONAL DE SERIE-TÍTULO UNIFORME |
| Título uniforme |
Universidad Central del Este ; |
| Número de parte o sección de la obra |
63 |
| 9 (RLIN) |
54606 |
| 830 #0 - PUNTO DE ACCESO ADICIONAL DE SERIE-TÍTULO UNIFORME |
| Título uniforme |
Científica ; |
| Número de parte o sección de la obra |
23 |
| 9 (RLIN) |
54607 |
| 910 ## - DATOS DE OPCIÓN DEL USUARIO (OCLC) |
| Datos de opción del usuario |
Validado. Control de calidad. EMS |
| 942 ## - ELEMENTOS DE PUNTO DE ACCESO ADICIONAL (KOHA) |
| Fuente del sistema de clasificación o colocación |
Dewey Decimal Classification |
| Tipo de ítem Koha |
Libro |